BIBLIOTHÈQUE DE LA MAISON DU MEXIQUE

Logo 1 Logo 2

Comix-arte de Zalathiel (notice nᵒ 3004)

détails MARC
000 -Sello discográfico
campo de control de longitud fija 01012nam a2200289 4500
005 - Identificación de versión
campo de control 20251017062847.0
035 ## - Otros números de control del sistema
Número de control del sistema 24424
099 ## - fechas locales
Tipo de ítem Koha LIBRO
100 ## - Datos de procesamiento general
Datos de procesamiento general 19980304d1977 m y1spay5003 ba
101 ## - Idioma del recurso
Idioma del texto, banda sonora, etc. Español; Castellano
105 ## - Campo de datos codificados: Material textual, monográfico
Datos codificados de monografía a 001ay
200 1# - Título y mención de responsabilidad
Título propio Comix-arte de Zalathiel
Designación general del material texto impreso
Otra información del título arte fantástico, humor negro, ciencia ficción
Primer mención de responsabilidad Zalathiel Vargas
Declaración de responsabilidad subsiguiente prólogos Carlos Monsiváis, Alejandro Jodorowsky
205 ## - Declaración de edición
Declaración de edición 1a ed
210 ## - Publicación, distribución, etc.
Lugar de publicación, distribución, etc. México
Nombre del editor, distribuidor, etc. Universidad Nacional Autónoma de México, Escuela Nacional de Artes Plásticas
Fecha de publicación, distribución, etc. 1977
215 ## - Descripción física
Designación de material específico y extensión del ítem 98 p
Otras características físicas principalmente il.
Dimensiones 28 cm
345 ## - Nota de información de adquisición
Fuente de adquisición/dirección de la suscripción [OBSOLETO] Donación
606 ## - Término temático usado como materia
Elemento de entrada Caricaturas y dibujos animados
Número Koha 6369
606 ## - Término temático usado como materia
Elemento de entrada Humorismo
Subdivisión temática Agudezas pictoricas
Número Koha 6370
660 ## - Código de área geográfica
Código MX
700 ## - Nombre personal - Responsabilidad primaria
Elemento de entrada Vargas
Parte del nombre distinta del elemento de entrada Zalathiel
Fechas 1941-
Número Koha 6371
702 ## - Nombre personal - Responsabilidad secundaria
Elemento de entrada Jodorowsky Prullansky
Parte del nombre distinta del elemento de entrada Alejandro
Fechas 1929-
Número Koha 564
702 ## - Nombre personal - Responsabilidad secundaria
Elemento de entrada Monsiváis Aceves
Parte del nombre distinta del elemento de entrada Carlos
Fechas 1938-2010
Número Koha 801
801 #0 - Fuente de origen
Agencia cm
942 ## - ELEMENTOS DE ENTRADA SECUNDARIOS (KOHA)
Tipo de ítem Koha Livre
Exemplaires
Estatus retirado Estado de daño Estado de pérdida Fuente de la clasificación o esquema de estantería Fecha de adquisición Biblioteca de origen Biblioteca actual Código de barras Precio de reemplazo Signatura topográfica completa No para préstamo Tipo de ítem Koha Nota no pública
      Clasificación Decimal Dewey 30/09/2025 Casa México Paris Casa México Paris 001645 30/09/2025 704.94 V297z   Livre 751145101